000
00476nam a2200145Ia 4500
008
100122s9999 xx 000 0 und d
082
_b
31592
_a
823
100
_a
कर्नल रंजित
245
_a
हत्यारी कठपुतली
260
_b
हिंदी पॉकेट बुक्स
_c
1979
300
_a
192
630
_a
हत्यारी कठपुतली
730
_a
हत्यारी कठपुतली
942
_c
BOOK
999
_c
382992
_d
382989